00332nam a2200121Ia 4500100000900000942000700009245005600016260000900072082001000081546001200091999001700103952009000120 a#N/A cBK aFundamentals of Kinematics and Dynamics of Machines b#N/A b21899 aENGLISH c32446d32446 001040708CDaCRCEbCRCEd2023-03-17l0o 21899pCD2342r2023-03-17w2023-03-17yBK